| 000 | 00767nam a22002297a 4500 | ||
|---|---|---|---|
| 005 | 20100810105334.0 | ||
| 010 | _aENG-99162 | ||
| 020 | _c70.00 | ||
| 035 | _aEN-82694 | ||
| 037 | _bDBAD/PUB | ||
| 082 | _a548.5 | ||
| 100 |
_aRamalingam, A. _99775 |
||
| 245 |
_aCrystal growth and it's characterization / _cby A.Ramalingam |
||
| 260 |
_aPeramballur _bMercury Printers & Publishers _c2007 |
||
| 270 |
_bPeramballur _e621212 |
||
| 300 |
_a73p.: _c20cm (pbk) _bill. |
||
| 500 | _aincludes bibliographical references | ||
| 650 |
_aCrystal Growth _99776 |
||
| 700 | _99730 | ||
| 942 |
_2ddc _cEN _h548.5 _mRAM |
||
| 999 |
_c40510 _d40510 |
||